000
00310nam a22001337a 4500
999
_c
165125
_d
165125
020
_a
082
_a
_b
100
_a
Charudev Sastri
245
_a
A thesaurus of sanskrit prepositions verbs/
_c
_b
by Charudev Sastri.
260
_a
New Delhi:
_b
Bharathiya,
_c
300
_a
650
_a
942
_c
BK